000 00449 a2200145 4500
008 250210b ||||| |||| 00| 0 eng d
020 _a9789914962673
050 _aBV4501.3
_b.M68 2022
100 _aM'mutungi, Daniel
245 _aGod,s Calling : The Daring Adventure of a clergy couple; Volume II
260 _bCLC Kenya Authors Collaboration
_c2022
_aNairobi
300 _axxiv, 195 p.;
_c24 cm.
650 _aChristian life.
942 _cBK
_2lcc
999 _c59614
_d59614